Größte Orte im Kreis Pinneberg - Statistiken

Allgemein
  • Dieses Quiz wurde 60 mal gespielt
  • Das Durchschnittsergebnis liegt bei 11 aus 15
Antwortstatistiken
Einwohner Ort % Korrekt
44.756 Pinneberg
100%
50.728 Elmshorn
90%
14.606 Tornesch
86%
34.617 Wedel
86%
18.776 Uetersen
83%
22.339 Quickborn
81%
14.840 Rellingen
69%
18.042 Halstenbek
67%
4.692 Moorrege
67%
4.835 Appen
64%
19.817 Schenefeld
64%
10.683 Barmstedt
57%
3.951 Hasloh
55%
4.249 Ellerbek
52%
4.570 Bönningstedt
40%
Keine übereinstimmenden Quizze gefunden
Verteilung der Resultate
Anzahl Personen mit jedem Resultat
Perzentil nach korrekt beantworteten Fragen
Ihre Resultats-Entwicklung
Sie haben dieses Quiz noch nicht gespielt